000 01369nam a2200313Ia 4500
003 OSt
005 20201029141126.0
008 191128t2003 ck gr 000 0 spa d
020 _a9580470278
040 _aCO-JMCR
_cCO-JMCR
041 1 _aspa
_heng
082 0 4 _a658.5 /
_bH412j
_223
100 1 _aHay, Edward J.,
_eautor
_912213
245 1 0 _aJusto a tiempo :
_bla técnica japonesa que genera mayor ventaja competitiva /
_cEdward J. Hay ; traducción Margarita Cárdenas ; revisión técnica Alberto Arango S.
260 _aBogotá :
_bNorma,
_c©2003
300 _a255 páginas ;
_c18 cm.
490 0 _aGerencia
500 _aTítulo original: The just-in-time breakthrough: implementing the new manufacturing basics.
505 0 _aPero ¿sí funcionará en mi empresa?
520 3 _aEsta obra es una guía única que les muestra alos gerentes cómo resolver problemas prácticos tales como nivelar cargas de trabajo, establecer celdas de maquinaria y reducir el tiempo de aislamiento.
546 _aTraducido del inglés
650 1 4 _aAdministración de empresas
_912214
650 1 4 _aJusto a tiempo (Sistema de manufactura)
_912215
650 1 4 _aAdministración industrial
_911433
650 1 4 _aUso del tiempo
_912216
700 1 _aCárdenas, Margarita,
_etraductora
_911411
700 1 _aArango S., Alberto,
_erevisor
_912217
942 _2ddc
_cBK
999 _c3627
_d3627